Представление документа в формате MARC21

ПолеНазваниеЗначение
  Тип записи a
  Библиографический уровень m
001 Контрольный номер RU\infra-m\znanium\bibl\2231739
005 Дата корректировки 20260429142302.7
008 Кодируемые данные 251111s2025 RU g rus u
020 Индекс ISBN __
a ISBN 978-5-16-019176-8
020 Индекс ISBN __
a ISBN 978-5-16-102492-8 (электр. издание)
040 Источник каталогиз. __
a Служба первич. каталог. Общество с ограниченной ответственностью «ЗНАНИУМ»
041 Код языка издания __
a Код языка текста rus
044 Код страны публикации __
a Код страны публикации RU
080 Индекс УДК __
a Индекс УДК 635.01(075.8)
084 Индекс другой классификации/Индекс ББК __
2 Источник индекса rubbk
a Индекс другой классификации/Индекс ББК 42.3я73
084 Индекс другой классификации/Индекс ББК __
2 Источник индекса okso
a Индекс другой классификации/Индекс ББК 35.03.05
100 Автор __
a Автор Исачкин А.В.
q Полное имя Исачкин Александр Викторович
u Дополнение Российский государственный аграрный университет - МСХА им. К.А. Тимирязева
245 Заглавие __
a Заглавие Декоративное садоводство с основами ландшафтного проектирования
b Продолж. заглавия Учебник
c Ответственность Российский государственный аграрный университет - МСХА им. К.А. Тимирязева; Российский государственный аграрный университет - МСХА им. К.А. Тимирязева
250 Сведения об издании __
a Основные сведения об издании 1
260 Выходные данные __
a Место издания Москва
b Издательство ООО "Научно-издательский центр ИНФРА-М"
c Дата издания 2026
300 Физическое описание __
a Объем 522 с.
440 Серия __
a Серия Высшее образование
520 Аннотация __
a Аннотация В учебнике представлены сведения о жизненных формах жизненном цикле фенологическом развитии декоративных растений способах их размножения экологических факторах влияющих на декоративные качества растений направлениях использования декоративных растений в ландшафтном дизайне. Дана краткая характеристика наиболее распространенных в декоративном садоводстве родов растений. Приведена информация о технологических основах декоративного растениеводства: сведения о почвах и субстратах используемых в открытом и защищенном грунте; удобрениях; водном режиме; принципах чередования культур; способах защиты растений от стрессов; биологически активных веществах применяемых в декоративном растениеводстве; технологиях производства посадочного материала и технологиях выращивания декоративных растений в защищенном и открытом грунте. Отдельные главы посвящены газоноводству флористике и основам ландшафтного проектирования. Для преподавателей и бакалавров обучающихся по специальности «Декоративное садоводство с основами ландшафтного проектирования».
521 Примеч. о цел. назн. __
a Примеч. о целев. назн. ВО - Бакалавриат
650 Тематические рубрики __
a Основная рубрика Сельское хозяйство
x Основная подрубрика Растениеводство
655 Указ. предметных рубрик (устаревшее) __
a Жанр/ форма (устаревшее) Учебник
700 Другие авторы __
a Другие авторы Крючкова В.А.
q Полное имя Крючкова Валентина Александровна
u Дополнение Российская академия художеств
700 Другие авторы __
a Другие авторы Скакова А.Г.
q Полное имя Скакова Анна Генриховна
700 Другие авторы __
a Другие авторы Шарафутдинов Х.В.
q Полное имя Шарафутдинов Хасян Вагизович
700 Другие авторы __
a Другие авторы Исачкин А.В.
q Полное имя Исачкин Александр Викторович
u Дополнение Российский государственный аграрный университет - МСХА им. К.А. Тимирязева
856 Электронный адрес документа 4_
a Имя сервера/домена znanium.ru
m Помощь ebs_support@infra-m.ru
n Местонахождение сервера НИЦ ИНФРА-М
u URL https://znanium.ru/catalog/document?id=471924
856 Электронный адрес документа 48
a Имя сервера/домена znanium.ru
d Путь /cover/2231
f Электронное имя 2231739.jpg
q Тип электронного формата image/jpeg
u URL https://znanium.ru/cover/2231/2231739.jpg
911 __
u 0030=https://znanium.ru/catalog/document?id=471924
911 __
u 712a=Российский государственный аграрный университет - МСХА им. К.А. Тимирязева